| 000 | 00592nam a22001817a 4500 | ||
|---|---|---|---|
| 999 |
_c6819 _d6819 |
||
| 003 | AR-CdUCM | ||
| 008 | 190319b ||||| |||| 00| 0 spa d | ||
| 040 |
_aMUNICIPALIDAD PROVINCIAL DEL CUSCO _cBIBLIOTECA MUNICIPAL DEL CUSCO |
||
| 082 |
_a868.038 / _bA62 |
||
| 245 | _aAntología del cuento español / | ||
| 260 |
_aLima : _bTawantinsuyo, _c1960. |
||
| 300 |
_a191 páginas ; _c16.5 cm. |
||
| 500 | _aDonación familia Nieto. Festival de la literatura española contemporánea | ||
| 650 |
_aCuento español _919219 |
||
| 650 |
_aSiglos XIX-XX _912179 |
||
| 942 |
_2ddc _cLIBROS |
||
| 945 | _aafb | ||